Jumping Around Geography #5 - Statistics

General Stats
  • This quiz has been taken 156 times
  • The average score is 22 of 26
Answer Stats
# Hint Answer % Correct
F Country bordering Russia Finland
100%
I Used to be the Assyrian empire Iraq
99%
N Country of the fjords Norway
99%
V Capital of Austria Vienna
99%
E Central line of latitude Equator
97%
O Capital of N Oslo
96%
M 12th biggest country Mexico
95%
G Language spoken in V German
94%
Q One of the states of Australia Queensland
94%
K Country invaded by I Kuwait
93%
P Currency of M Peso
93%
C Sea containing Roseau and Kingston Caribbean
91%
H Capital of F Helsinki
91%
L U.S. State bordering Mississippi Louisiana
91%
B Capital of I Baghdad
90%
J Look at T to find out Japan
90%
T Capital of J Tokyo
89%
Y Currency of J Yen
89%
U Country on E Uganda
86%
S Peninsula containing F and N Scandinavia
79%
A Biggest peninsula in the world Arabian
70%
R Capital of the biggest country in A Riyadh
69%
X Capital of Shaanxi Xi'an
64%
D Currency of K Dinar
60%
W Overseas territory of France Wallis and Futuna
22%
Z One of M's states Zacatecas
13%
No matching quizzes found
Score Distribution
Percent of People with Each Score
Percentile by Number Answered
Your Score History
You have not taken this quiz